| 000 | 00349nam a2200133Ia 4500 | ||
|---|---|---|---|
| 008 | 240624s9999 xx 000 0 und d | ||
| 041 | _aeng | ||
| 082 | _a338.064 CHA | ||
| 100 | _aCHAMINADE CRISTINA | ||
| 245 | _aADVANCED INTRODUCTION TO NATIONAL INNOVA | ||
| 260 |
_c2018 _aUSA _bEdward Elgar |
||
| 300 | _axvi, 175 p.; 23 cm. | ||
| 365 |
_cBPS _b33 |
||
| 999 |
_c32107 _d32107 |
||